[Event "Nordic-ch U13 Girls"]
[Site "Alta"]
[Date "2016.04.29"]
[Round "2"]
[White "Van den Brink, Nienke"]
[Black "Ng, Agnes"]
[Result "1-0"]
[WhiteElo "1597"]
[BlackElo "1428"]
[PlyCount "51"]
[EventDate "2016.04.29"]
[EventType "swiss"]
[EventRounds "5"]
[EventCountry "NOR"]
[SourceTitle "EXT 2024"]
[Source "ChessBase"]
[SourceDate "2023.10.10"]
[SourceVersion "1"]
[SourceVersionDate "2023.10.10"]
[SourceQuality "1"]

1. e4 c5 2. Nc3 Nc6 3. f4 g6 4. Nf3 Bg7 5. Bc4 d6 6. 0-0 Nf6 7. d3 0-0 8. Be3 e6 9. Bb3 a6 10. a4 Bd7 11. Qe1 Qb6 12. Qg3 Nh5 13. Qf2 Qc7 14. Nh4 Qc8 15. f5 exf5 16. exf5 gxf5 17. Nxf5 Bxf5 18. Qxf5 Qxf5 19. Rxf5 Nf6 20. Raf1 Ne7 21. Rxf6 Bxf6 22. Rxf6 Kh8 23. Bh6 Rfd8 24. Rxf7 Nc6 25. Bg7+ Kg8 26. Rd7+ 1-0

[Event "EU-ch U12 Girls 25th"]
[Site "Porec"]
[Date "2015.09.27"]
[Round "6"]
[White "Ng, Agnes"]
[Black "Mihailova, Alina"]
[Result "0-1"]
[WhiteElo "1442"]
[BlackElo "1556"]
[PlyCount "100"]
[EventDate "2015.09.21"]
[EventType "swiss"]
[EventRounds "9"]
[EventCountry "CRO"]
[SourceTitle "EXT 2016"]
[Source "ChessBase"]
[SourceDate "2015.10.08"]
[SourceVersion "1"]
[SourceVersionDate "2015.10.08"]
[SourceQuality "1"]

1. e4 e5 2. Nf3 Nc6 3. d4 exd4 4. Bc4 Bc5 5. Ng5 Nh6 6. Bxf7+ Nxf7 7. Nxf7 Bb4+ 8. c3 Kxf7 9. cxb4 Re8 10. f3 d5 11. b5 Ne5 12. 0-0 dxe4 13. fxe4+ Kg8 14. h3 b6 15. Bf4 Bb7 16. Qb3+ Kh8 17. Nd2 a6 18. Qg3 Qe7 19. bxa6 Bxa6 20. Rfd1 c5 21. b3 Bb7 22. Nf3 Ng6 23. Bd6 Qxe4 24. Ng5 Qe3+ 25. Qxe3 Rxe3 26. b4 Re2 27. Nf3 Rc8 28. bxc5 bxc5 29. Rac1 Rxa2 30. Rxc5 Rxc5 31. Bxc5 Bxf3 32. gxf3 Nf4 33. Bxd4 Nxh3+ 34. Kf1 Kg8 35. Be3 Rh2 36. Rd4 g5 37. Bxg5 Nxg5 38. Rg4 h6 39. f4 Rh5 40. Ke2 Kf7 41. fxg5 hxg5 42. Kf3 Kf6 43. Ke4 Ke6 44. Kf3 Kf5 45. Kg3 Rh1 46. Kf3 Rf1+ 47. Kg2 Kxg4 48. Kxf1 Kg3 49. Kg1 g4 50. Kh1 Kf2 0-1

[Event "EU-ch U12 Girls 25th"]
[Site "Porec"]
[Date "2015.09.25"]
[Round "5"]
[White "Ng, Agnes"]
[Black "Vanduyfhuys, Daria"]
[Result "1/2-1/2"]
[WhiteElo "1442"]
[BlackElo "1623"]
[PlyCount "95"]
[EventDate "2015.09.21"]
[EventType "swiss"]
[EventRounds "9"]
[EventCountry "CRO"]
[SourceTitle "EXT 2016"]
[Source "ChessBase"]
[SourceDate "2015.10.08"]
[SourceVersion "1"]
[SourceVersionDate "2015.10.08"]
[SourceQuality "1"]

1. e4 c5 2. Nf3 Nc6 3. d4 cxd4 4. Nxd4 e5 5. Nf3 Nf6 6. Nc3 Bb4 7. Bd3 d5 8. 0-0 dxe4 9. Nxe4 Nxe4 10. Bxe4 Qxd1 11. Rxd1 Bg4 12. c3 Be7 13. Be3 f5 14. Bxc6+ bxc6 15. h3 Bxf3 16. gxf3 a6 17. f4 e4 18. Bd4 Kf7 19. Kg2 Rhd8 20. f3 exf3+ 21. Kxf3 Rab8 22. b3 Rd7 23. Rg1 g6 24. Ke2 Bd6 25. Kf3 Re8 26. Rge1 Rde7 27. Rxe7+ Rxe7 28. Be3 Re4 29. Rd1 Ke6 30. Rd4 Rxe3+ 31. Kxe3 Bc5 32. h4 h6 33. Kd3 Bxd4 34. Kxd4 Kf6 35. a4 g5 36. fxg5+ hxg5 37. hxg5+ Kxg5 38. Ke3 Kg4 39. Kf2 Kf4 40. b4 Ke4 41. c4 Kd4 42. b5 Kc5 43. bxa6 Kb6 44. Ke3 Kxa6 45. Kf4 Ka5 46. Kxf5 Kxa4 47. Ke5 Ka5 48. Ke4 1/2-1/2

[Event "EU-ch U12 Girls 25th"]
[Site "Porec"]
[Date "2015.09.21"]
[Round "1"]
[White "Raccanello, Marianna"]
[Black "Ng, Agnes"]
[Result "1-0"]
[WhiteElo "1694"]
[BlackElo "1442"]
[PlyCount "55"]
[EventDate "2015.09.21"]
[EventType "swiss"]
[EventRounds "9"]
[EventCountry "CRO"]
[SourceTitle "EXT 2016"]
[Source "ChessBase"]
[SourceDate "2015.10.08"]
[SourceVersion "1"]
[SourceVersionDate "2015.10.08"]
[SourceQuality "1"]

1. e4 c5 2. Nf3 Nc6 3. d4 cxd4 4. Nxd4 g6 5. Nc3 Bg7 6. Nde2 Nf6 7. g3 0-0 8. Bg2 d6 9. 0-0 Bd7 10. h3 a6 11. a4 Rc8 12. Be3 Qc7 13. f4 e6 14. Qd2 Rcd8 15. Rad1 Bc8 16. Qe1 Qe7 17. Qf2 Nb8 18. Rd2 Nbd7 19. Rfd1 Nb8 20. e5 dxe5 21. Bc5 Qc7 22. Bb6 Qe7 23. Rxd8 Nbd7 24. Rxf8+ Bxf8 25. fxe5 Nxe5 26. Bd8 Qc5 27. Bxf6 Qxf2+ 28. Kxf2 1-0